Fundamentals of Nursing:concepts, process and practice (Record no. 6040)

MARC details
000 -LEADER
fixed length control field 00567nam a22002057a 4500
003 - CONTROL NUMBER IDENTIFIER
control field OSt
005 - DATE AND TIME OF LATEST TRANSACTION
control field 20180314194618.0
008 - FIXED-LENGTH DATA ELEMENTS--GENERAL INFORMATION
fixed length control field 180314b xxu||||| |||| 00| 0 eng d
020 ## - INTERNATIONAL STANDARD BOOK NUMBER
International Standard Book Number 9780273739081
040 ## - CATALOGING SOURCE
Transcribing agency DNLM
082 ## - DEWEY DECIMAL CLASSIFICATION NUMBER
Classification number WY100 F881b 2012
100 ## - MAIN ENTRY--PERSONAL NAME
Personal name Kozier, Barbara [et..al]
9 (RLIN) 6200
245 ## - TITLE STATEMENT
Title Fundamentals of Nursing:concepts, process and practice
250 ## - EDITION STATEMENT
Edition statement 2nd ed.
260 ## - PUBLICATION, DISTRIBUTION, ETC. (IMPRINT)
Place of publication, distribution, etc. England; Pearson, 2012
300 ## - PHYSICAL DESCRIPTION
Extent xxi,872p; col.ill: 28cm
504 ## - BIBLIOGRAPHY, ETC. NOTE
Bibliography, etc Glossary, & index included
650 ## - SUBJECT ADDED ENTRY--TOPICAL TERM
Topical term or geographic name as entry element Nursing procedures
9 (RLIN) 7359
942 ## - ADDED ENTRY ELEMENTS (KOHA)
Source of classification or shelving scheme Other/Generic Classification Scheme
Koha item type Open Shelf
Holdings
Withdrawn status Lost status Source of classification or shelving scheme Damaged status Not for loan Home library Current library Date acquired Inventory number Total Checkouts Full call number Barcode Date last seen Date last checked out Koha item type
    Other/Generic Classification Scheme     MUST Main Library MUST Main Library 14/03/2018 17/40610 1 WY100 F881b 2012 2018-0172 23/03/2021 11/03/2021 Open Shelf